000 01259cam a2200397 i 4500
001 0000869
003 DO-SdBPM
005 20250908114525.0
007 ta
008 100514s1998 sp a | |||| 000 f spa
015 _a
017 _a
_b
020 _a8434221756
035 _a
040 _aDO-SdBPM
_bspa
_cBPMSU
_e rda
080 _a
082 4 _a372.66
_bB988j 1998
_222
100 1 _aButterfield, Moira
240 1 _aLittle red riding hood /
245 1 0 _aJuguemos al teatro :
_b Caperucita roja /
_cMoira Butterfield ; traducción Elisenda Solergibert
_h
264 _aBarcelona, España :
_bParramón Ediciones,
_c1998.
300 _a24 páginas:
_bilustraciones,
_c24 cm.
336 _atexto
_btxt
_2rdacontent
337 _asin mediación
_bn
_2rdamedia
338 _avolumen
_bnc
_2rdacarrier
500 _aUna historia para representar y aprender teatro.
630 3 7 _aCaperucita roja
_xEscenografía.
650 7 _aTeagro infantil inglés
650 7 _aTeatro escolar
_xTécnicas.
650 7 _aActuación teatral
_xEnseñanza primaria.
650 7 _aTeatro en la educación.
700 1 _aSolergibert, Elisenda
_etraductor
830 0 _a
910 _aVMateo V. Control de caldiad. BPMSU
942 _2ddc
_cBK
999 _c12273
_d12273